000 01030nam a22003137a 4500
001 BR8005741
003 BR-BrBNA
005 20230928090749.0
007 ta
008 230509b bl.||||| |||| 00| 0 por d
040 _aBR-BrBNA
_bpor
_cBiblioteca Nacional de Agricultura
041 _a(Por)
072 _aQ10; P05
_b0230
_b9320
_b8961
_b/G514
090 _ 0230 BR8005741
100 1 _aSilva, G.M. de A.
100 1 _aSilva Junior, J.F.
100 1 _aCeballos, R.A.
110 1 _aCooperativa Central dos Produtores de Acucar e Alcool do Estado de Sao Paulo, Sao Paulo (Brasil)
_92827
111 1 _a3. Simposio de Tecnologia do Acucar e do Alcool
_cAguas de Sao Pedro, SP (Brazil)
_d1980
245 1 _aUtilizacao da cana com ponta e total na producao de acucar, alcool e energia [Brasil]
260 3 _aSao Paulo, SP (Brasil):
_c1980.
300 _a20 p.
500 _a9 tables; 10 ref.
650 _aCANA DE ACUCAR
650 _aACUCAR
650 _aALCOOL
909 _a202309
_bLucia
_c55
_dLucia Elande
942 _cBK
999 _c30407
_d30407